Underwater / directed by William Eubank ; screenplay by Brian Duffield, Adam Cozad ; produced by Peter Chernin, Tonia Davis, Jenno Topping . (Record no. 20972)

000 -LEADER
fixed length control field 01410nam a2200325 4500
008 - FIXED-LENGTH DATA ELEMENTS--GENERAL INFORMATION
fixed length control field 250528b xxu||||| |||| 00| 0 eng d
082 ## - DEWEY DECIMAL CLASSIFICATION NUMBER
Classification number 791.4372
Item number Un21
245 ## - TITLE STATEMENT
Title Underwater / directed by William Eubank ; screenplay by Brian Duffield, Adam Cozad ; produced by Peter Chernin, Tonia Davis, Jenno Topping .
260 ## - PUBLICATION, DISTRIBUTION, ETC. (IMPRINT)
Place of publication, distribution, etc United States :
Name of publisher, distributor, etc 20th Century Fox,
Date of publication, distribution, etc 2020.
300 ## - PHYSICAL DESCRIPTION
Extent 1 videofile (ca, 95 mins.) :
Other physical details sound, color.
520 ## - SUMMARY, ETC.
Summary, etc An unknown, massive earthquake happens in a drilling station in the bottom of the Marianna Trench. A scientific crew must find their way across the ocean floor into another station under the threats of deep pressure, dark water, dangerous deep-sea creatures, and a constant lack of oxygen.
521 ## - TARGET AUDIENCE NOTE
Target audience note Rated PG-13 for sci-fi action and terror, and brief strong language.
650 ## - SUBJECT ADDED ENTRY--TOPICAL TERM
Topical term or geographic name as entry element Action.
650 ## - SUBJECT ADDED ENTRY--TOPICAL TERM
Topical term or geographic name as entry element Horror.
650 ## - SUBJECT ADDED ENTRY--TOPICAL TERM
Topical term or geographic name as entry element Thriller.
650 ## - SUBJECT ADDED ENTRY--TOPICAL TERM
Topical term or geographic name as entry element Sea Adventure.
650 ## - SUBJECT ADDED ENTRY--TOPICAL TERM
Topical term or geographic name as entry element Disaster.
650 ## - SUBJECT ADDED ENTRY--TOPICAL TERM
Topical term or geographic name as entry element Psychological Thriller.
700 ## - ADDED ENTRY--PERSONAL NAME
Personal name Stewart, Kristen, star.
700 ## - ADDED ENTRY--PERSONAL NAME
Personal name Cassel, Vincent, star.
700 ## - ADDED ENTRY--PERSONAL NAME
Personal name Henwick, Jessica, star.
700 ## - ADDED ENTRY--PERSONAL NAME
Personal name Gallagher Jr., John , star.
700 ## - ADDED ENTRY--PERSONAL NAME
Personal name Athie, Mamoudou, star.
700 ## - ADDED ENTRY--PERSONAL NAME
Personal name Miller, T.J., star.
700 ## - ADDED ENTRY--PERSONAL NAME
Personal name Bazelli, Bojan, cinematographer.
700 ## - ADDED ENTRY--PERSONAL NAME
Personal name Miller, Todd E., editor.
700 ## - ADDED ENTRY--PERSONAL NAME
Personal name Berdan,Brian, editor.
700 ## - ADDED ENTRY--PERSONAL NAME
Personal name Hoy,William, editor.
942 ## - ADDED ENTRY ELEMENTS (KOHA)
Source of classification or shelving scheme
Item type Audio-Visual Materials
Holdings
Source of acquisition Price effective from Permanent location Date last seen Not for loan Date acquired Source of classification or shelving scheme Koha item type Collection code Shelving location Damaged status Lost status Withdrawn status Current location Full call number
Donation2025-05-28Cagayan State University - Carig Library2025-05-28 2025-05-28 Audio-Visual MaterialsElectronic Media CenterElectronic Media Center   Cagayan State University - Carig Library791.4372 Un21

Cagayan State University University Library, Carig Campus
Tuguegarao City, Cagayan 3500 | www.csucarig.edu.ph

Powered by Koha